000 00315nam a22001457a 4500
003 SGT
020 _a0421339705
082 _a342.0954
_bSEE
100 _aSEERVAI , H M
245 _aCONSTITUTIONAL LAW OF INDIA
250 _a3
260 _aLONDON
_bSWEET AND MAXWELL
_c1984
300 _a2728
942 _2ddc
_cBK
999 _c25105
_d25105